000 00600nam a2200193 a 4500
005 20210223131021.0
008 090610s2005 mx r 000 0 spa d
020 _a8480766522
035 _aUPN01000171139
049 _aC
050 4 _aNK1548
_bJ4.5
100 1 _aJennings, Simon
_933967
245 1 0 _aManual del color para el artista /
_cSimon Jennings ; tr. Margarita GutiƩrrez Manuel.
260 _aBarcelona, Esp. :
_bBlume,
_cc2005.
300 _a192 p. :
_bil. col.
534 _pTitulo orignal:
_tThe collins artist's colour manual
650 4 _aCOLOR EN EL ARTE
_910568
905 _aLibro
999 _c143244
_d143244